| 000 | 00459nam a22001697a 4500 | ||
|---|---|---|---|
| 003 | dpl | ||
| 005 | 20180706134551.0 | ||
| 008 | 180706b xxu||||| |||| 00| 0 eng d | ||
| 020 |
_a8186190982 _c45.00 |
||
| 035 | _aA-996400 | ||
| 040 |
_aDPL _bEN _c0 |
||
| 082 | _a796.358 | ||
| 245 |
_aCricket: _bHow to play/ |
||
| 260 |
_aDelhi _bSports Publications _c2000 |
||
| 300 |
_a64p; _bincludes diagrams _c22cm. |
||
| 942 |
_2ddc _cEN _h796.358 _mCRI |
||
| 999 |
_c153510 _d153510 |
||